000
00252nam a22000857a 4500
008
160718b xxu||||| |||| 00| 0 eng d
100
_9
2976
_a
Irving
245
_a
Rip Van Winkle and the Legend of Sleepy Hollow
260
_a
New Delhi
_b
Orient Publication
_c
2002
999
_c
2539
_d
2539